LEADER 01429nam a2200325 a 4500 001 000000127950 003 CaOOAMICUS 005 20120313094242.0 008 120313s2011 it b u000 u ita r 020 $a978-88-16-41128-9 040 $aPUL$bita 082 04$a281.947 100 1 $aCodevilla, Giovanni.$0(OLS)http://pul/name/769 245 10$aChiesa e impero in Russia :$bdalla Rus' di Kiev alla federazione russa /$cGiovanni Codevilla ; prefazione di Sante Graciotti. 260 $aMilano :$bJaca Book,$c©2011. 300 $aXXXV, 683 p. :$bc. geogr. ;$c24 cm 490 1 $aDi fronte e attraverso.$aStoria ;$v1028 500 $aInclude indice. 504 $aBibliografia in nota. 650 4$aChiesa e stato$zRussia.$0(OLS)http://pul/subject/38538 700 1 $aGraciotti, Sante,$d1923-$0(OLS)http://pul/name/2655 830 0$aDi fronte e attraverso.$pStoria ;$v1028.$0(OLS)http://pul/title/67175 850 $aPUL 852 $aPUL$W1$xSL Religione 3$y85$m281. 947 CODGI 1$j148105$qDDC 21$B146697$CPULBib$Z2$F146697 $H118817 $82 941 1 $a9 996 $6020$a978-88-16-41128-9$9(OLS)http://pul/number/149135 996 $6082$a281.947$9(OLS)http://pul/classification/1780 996 $6245$aChiesa e impero in Russia :$bdalla Rus' di Kiev alla federazione russa$9(OLS)http://pul/title/161695 996 $6260$aMilano :$bJaca Book$9(OLS)http://pul/publisher/47900 LEADER 01579nam a2200373 a 4500 001 000000129507 003 CaOOAMICUS 005 20120628170320.0 008 120628s2012 it j u000 u ita r 020 $a978-88-315-3926-5 040 $aPUL$bita 082 04$a239 100 1 $aRaimundus Lullus,$cbeato,$d1233/35-1315.$0(OLS)http://pul/name/3716 245 10$aLibro del gentile e dei tre savi /$cRaimondo Lullo ; introduzione e note di Sara Muzzi ; traduzione di Anna Baggiani. 260 $aMilano :$bPaoline,$c©2012. 300 $a350 p. ;$c20 cm 490 1 $aLetture cristiane del secondo millennio ;$v48 504 $aInclude bibliografia in nota e indici. 650 4$aApologetica$yEvo medio.$0(OLS)http://pul/subject/18863 700 1 $aMuzzi, Sara.$0(OLS)http://pul/name/69883 700 1 $aBaggiani, Anna.$0(OLS)http://pul/name/82892 830 0$aLetture cristiane del secondo millennio ;$v48.$0(OLS)http://pul/title/56023 850 $aPUL 852 $aPUL$W1$xSL Religione 3$y85$m239 LULRA 1$j151006$qDDC 21$B149643$CPULBib$Z2$F149643 $82 900 $aLull, Ramòn,$d1235-1315$93716 900 $aRaymundus Lullus,$d1235-1315$93716 900 $aRaimondo Lullo,$d1235-1315$93716 900 $aLullo, Raimondo,$d1235-1315$93716 941 1 $a9 996 $6020$a978-88-315-3926-5$9(OLS)http://pul/number/150153 996 $6082$a239$9(OLS)http://pul/classification/1845 996 $6245$aLibro del gentile e dei tre savi$9(OLS)http://pul/title/163675 996 $6260$aMilano :$bPaoline$9(OLS)http://pul/publisher/60808